Dimitri en la tormenta /

Guardado en:
Autor Principal: Suez, Perla
Otros Autores: Cuello, Jorge; il.
Formato: Libro
Publicado: Buenos Aires : Sudamericana, 2014
Edición:2a. ed.
Series:La pluma del gato
Materias:
Etiquetas: Agregar Etiqueta
Sin Etiquetas, Sea el primero en etiquetar este registro!
LEADER 01079nam a22003015a 4500
001 CEM.cems015137
005 20190925162207.0
008 130507s2014##################000#0#####d
003 CEMS
020 |a 989500749756 
082 0 4 |a A868.4 
100 1 |a Suez, Perla 
245 1 0 |a Dimitri en la tormenta /  |c Perla Suez ; ilustrado Por Jorge Cuello 
250 |a 2a. ed. 
260 |a Buenos Aires :  |b Sudamericana,  |c 2014 
300 |a 64 p. 
490 0 |a La pluma del gato 
505 0 |a Del otro lado del mar -- Lleganod a casa -- Entrecasa 
653 |a Literatura 
653 |a Literatura argentina 
653 |a Literatura infantil 
653 |a Cuentos infantiles 
653 |a Colección ciencias de la educación 
700 1 |a Cuello, Jorge; il. 
859 |a CEMS  |b BIB. CEMS - Ccias. Educacion  |h A868.4  |i Su27  |k CE  |p 28126.19  |t Ej.1 
859 |a CEMS  |b BIB. CEMS - Ccias. Educacion  |h A868.4  |i Su27  |k CE  |p 28127.19  |t Ej.2 
859 |a CEMS  |b BIB. CEMS - Ccias. Educacion  |h A868.4  |i Su27  |k CE  |p 28128.19  |t Ej.3 
859 |a CEMS  |b BIB. CEMS - Ccias. Educacion  |h A868.4  |i Su27  |k CE  |p 28423.19  |t Ej.4